<?xml version="1.0" encoding="UTF-8"?>
<record
    xmlns:xsi="http://www.w3.org/2001/XMLSchema-instance"
    xsi:schemaLocation="http://www.loc.gov/MARC21/slim http://www.loc.gov/standards/marcxml/schema/MARC21slim.xsd"
    xmlns="http://www.loc.gov/MARC21/slim">

  <leader>00598nam a22001937a 4500</leader>
  <controlfield tag="005">20260424125411.0</controlfield>
  <datafield tag="020" ind1=" " ind2=" ">
    <subfield code="a">9789361103346</subfield>
  </datafield>
  <datafield tag="082" ind1=" " ind2=" ">
    <subfield code="a">894.8113</subfield>
    <subfield code="b">HUX/T</subfield>
  </datafield>
  <datafield tag="100" ind1=" " ind2=" ">
    <subfield code="a">Huxley, Aldous</subfield>
    <subfield code="9">13851</subfield>
  </datafield>
  <datafield tag="240" ind1=" " ind2=" ">
    <subfield code="a">Tiiramiku Putu Ulakam</subfield>
  </datafield>
  <datafield tag="245" ind1=" " ind2=" ">
    <subfield code="a">&#xBA4;&#xBC0;&#xBB0;&#xBAE;&#xBBF;&#xB95;&#xBC1; &#xBAA;&#xBC1;&#xBA4;&#xBC1; &#xB89;&#xBB2;&#xB95;&#xBAE;&#xBCD; /</subfield>
    <subfield code="c">by &#xB86;&#xBB2;&#xBCD;&#xB9F;&#xBB8;&#xBCD; &#xBB9;&#xB95;&#xBCD;&#xBB8;&#xBCD;&#xBB2;&#xBBF; ; Tr. by &#xB9C;&#xBBF;. &#xB95;&#xBC1;&#xBAA;&#xBCD;&#xBAA;&#xBC1;&#xB9A;&#xBBE;&#xBAE;&#xBBF;</subfield>
  </datafield>
  <datafield tag="250" ind1=" " ind2=" ">
    <subfield code="a">2nd</subfield>
  </datafield>
  <datafield tag="260" ind1=" " ind2=" ">
    <subfield code="a">Nagercovil:</subfield>
    <subfield code="b">Kalachuvadu,</subfield>
    <subfield code="c">2026.</subfield>
  </datafield>
  <datafield tag="300" ind1=" " ind2=" ">
    <subfield code="a">304p.</subfield>
  </datafield>
  <datafield tag="546" ind1=" " ind2=" ">
    <subfield code="a">Tamil</subfield>
  </datafield>
  <datafield tag="650" ind1=" " ind2=" ">
    <subfield code="a">Novel</subfield>
    <subfield code="9">13852</subfield>
  </datafield>
  <datafield tag="700" ind1=" " ind2=" ">
    <subfield code="a">Kuppuswamy, G.( tr.by)</subfield>
    <subfield code="9">13853</subfield>
  </datafield>
  <datafield tag="942" ind1=" " ind2=" ">
    <subfield code="2">ddc</subfield>
    <subfield code="c">BK</subfield>
  </datafield>
  <datafield tag="999" ind1=" " ind2=" ">
    <subfield code="c">758996</subfield>
    <subfield code="d">758996</subfield>
  </datafield>
  <datafield tag="952" ind1=" " ind2=" ">
    <subfield code="0">0</subfield>
    <subfield code="1">0</subfield>
    <subfield code="2">ddc</subfield>
    <subfield code="4">0</subfield>
    <subfield code="7">0</subfield>
    <subfield code="8">FIC</subfield>
    <subfield code="a">TAM</subfield>
    <subfield code="b">TAM</subfield>
    <subfield code="c">GEN</subfield>
    <subfield code="d">2026-04-24</subfield>
    <subfield code="g">380.00</subfield>
    <subfield code="l">0</subfield>
    <subfield code="o">894.8113 HUX/T</subfield>
    <subfield code="p">TAM35441</subfield>
    <subfield code="r">2026-04-24 12:54:33</subfield>
    <subfield code="w">2026-04-24</subfield>
    <subfield code="y">BK</subfield>
  </datafield>
</record>
